Investment management

Bibliographic Details
Main Authors: Cowdell, Jane (Author), Billings, Mark (Author), Cowdell, Paul (Author)
Format: Book
Language:English
Published: United Kingdom : Financial World Publishing 2001
Subjects:

MARC

LEADER 00000cam a2200000 7i4500
001 0000011765
005 20241017.0
008 030826 -uka eng
020 |a 0852976135 
040 |a INS   |b eng   |e rda 
090 0 0 |a HG4529.5   |b .C67 2001 
100 1 |a Cowdell, Jane ,   |e author 
245 1 0 |a Investment management   |c Jane Cowdell, Mark Billings and Paul Cowdell 
264 1 |a United Kingdom :   |b Financial World Publishing   |c 2001 
264 4 |c ©2001 
300 |a xvi, 460pages :   |b illustrations ;   |c 25 cm. 
336 |a text  |2 rdacontent 
337 |a unmediated  |2 rdamedia 
338 |a volume  |2 rdacarrier 
500 |a Includes index 
650 0 |a Investment analysis 
650 0 |a Investments 
650 0 |a Portfolio management. 
700 1 |a Billings, Mark ,   |e author 
700 1 |a Cowdell, Paul ,   |e author 
999 |a 0000011665   |b BOOK   |c Open Shelf   |e Default branch 
999 |a 0000011680   |b BOOK   |c Open Shelf   |e Default branch